| Tag |
First Indicator |
Second Indicator |
Subfields |
| LEADER |
00000nam a2200000Ia 4500 |
| 001 |
in00004269321 |
| 005 |
20200810073307.0 |
| 006 |
m g d |
| 007 |
cr bn |||a|bb| |
| 008 |
850711s1661 enk o 00| | eng d |
| 035 |
|
|
|a (OCoLC)12255619
|
| 040 |
|
|
|a EAA
|c EAA
|d m/c
|d UMI
|d WaOLN
|
| 037 |
|
|
|a CL0037000010
|b ProQuest Information and Learning. 300 N. Zeeb Rd., Ann Arbor, MI 48106
|
| 041 |
1 |
|
|a eng
|h ger
|
| 049 |
|
|
|a UMIA
|
| 100 |
1 |
|
|a Böhme, Jakob,
|d 1575-1624.
|
| 240 |
0 |
0 |
|a Theosophische Send-Briefe.
|l English
|
| 245 |
1 |
0 |
|a Theosophick letters, or, Epistles of the man from God enlightned in Grace, Jacob Behme ... :
|b wherein every where are divine, blessed exhortations to true repentance and amendment : as also plaine instructions concerning the highly worthy and precious knowledge of the divine and naturall vvisdome : together with a right touchstone, or tryall of these times for an introduction to the authours other writings /
|c published in English for the good of the sincere lovers of true Christianity by John Sparrow.
|
| 260 |
|
|
|a London :
|b Printed by M.S. for Giles Calvert ...,
|c 1661.
|
| 300 |
|
|
|a 1 online resource ([2], 50, [2] pages)
|
| 336 |
|
|
|a text
|b txt
|2 rdacontent
|
| 337 |
|
|
|a computer
|b c
|2 rdamedia
|
| 338 |
|
|
|a online resource
|b cr
|2 rdacarrier
|
| 500 |
|
|
|a Translation of: Theosophische Send-Briefe.
|
| 500 |
|
|
|a Seventh title of: The remainder of books. London, 1662.
|
| 500 |
|
|
|a Entry cancelled for B3420 in Wing (2nd edition)
|
| 500 |
|
|
|a Reproduction of original in: Union Theological Seminary Library, New York, N.Y.
|
| 510 |
4 |
|
|a Wing
|c B3415
|
| 533 |
|
|
|a Electronic reproduction.
|b Ann Arbor, Mich. :
|c UMI,
|d 1999-
|f (Early English books online)
|n Digital version of: (Early English books, 1641-1700 ; 344:19)
|7 s1999 miun s
|
| 600 |
1 |
0 |
|a Böhme, Jakob,
|d 1575-1624.
|
| 650 |
|
0 |
|a Theosophists
|z Germany
|v Correspondence.
|
| 700 |
1 |
|
|a Sparrow, John,
|d 1615-1665?
|
| 740 |
0 |
|
|a Theosophic letters.
|
| 740 |
0 |
|
|a Epistles of the man from God enlightened in Grace, Jacob Behme.
|
| 830 |
|
0 |
|a Early English books online.
|
| 856 |
4 |
0 |
|u http://proxy.library.tamu.edu/login?url=https://search.proquest.com/docview/2248592946
|z Connect to the full text of this electronic book
|t 0
|
| 999 |
f |
f |
|s 0955a7cd-3f52-3523-8054-055b5eea9f62
|i b9628ed1-ea96-378b-a569-6ebea4a23442
|t 0
|
| 952 |
f |
f |
|a Texas A&M University
|b College Station
|c Electronic Resources
|d Available Online
|t 0
|h No information provided
|
| 998 |
f |
f |
|t 0
|l Available Online
|